00615nam a22001812 4500001001100000005001700011008004100028020001700069040001500086100004600101245009600147250001300243260003700256300001700293650007200310651004800382852000300430000002425920151217155914.0130621s xx 000 0 eng d a9966734708 : aKABUcKABU1 aMukhule, Chrispinus Odhiambo.@000018425714aThe History and culture of Abakhero people of Western Kenya /cChrispinus Odhiambo Mukhule. a1st ed. aNairobi :bC. O. Mukhule,c2008. axiv, 158 p. 0aLuyia (African people)xSocial life and customszKenya.@0000184258 0aKenyaxSocial life and customs.@00001677461